000 00601cam a2200181 i 4500
005 20260217105313.0
008 250721s2002 ua gr 000 0 ara d
020 _a9773410749
082 1 4 _a410
_bن ا ص
100 1 _aناصف، حنفي
_eمؤلف.
245 1 0 _aحياة اللغة العربية /
_cالأستاذ حفنى ناصيف.
250 _aالطبعة الأولى.
264 3 1 _bالمكتبة الثقافية الدينية،
_c2002.
_aالقاهرة:
300 _a158 صفحة.
650 1 7 _aاللغة العربية.
942 _2ddc
_cBK
999 _c96243
_d96243